[Event "Sherbrooke, Perpetuelles 6-10"]
[Site "Sherbrooke CAN"]
[Date "2003.08.08"]
[Round "4"]
[White "Courteau, Bernard"]
[Black "Lemelin, Marc"]
[Result "1-0"]
[WhiteElo "1715"]
[BlackElo "1650"]
[PlyCount "77"]
[EventDate "2003.07.18"]
[EventType "swiss"]
[EventRounds "5"]
[EventCountry "CAN"]

1. e4 e6 2. d4 d5 3. Nc3 Nf6 4. Bg5 Be7 5. e5 Nfd7 6. h4 Bxg5 7. hxg5 Qxg5 8.
Nh3 Qe7 9. Nf4 Nc6 10. Nb5 Ndxe5 11. dxe5 Nxe5 12. Qd4 f6 13. Qc3 c5 14. Bd3 a6
15. Bg6+ Nf7 16. Qa5 Rb8 17. Nc7+ Kf8 18. Qb6 Ne5 19. O-O-O Nc4 20. Ncxe6+ Bxe6
21. Qxe6 Qxe6 22. Nxe6+ Ke7 23. Nf4 d4 24. Rde1+ Ne5 25. Bxh7 Kd6 26. Ng6 Nxg6
27. Bxg6 Rxh1 28. Rxh1 Rc8 29. Kd2 Rc7 30. f4 c4 31. Re1 c3+ 32. bxc3 Rxc3 33.
Bd3 a5 34. Kc1 Kc5 35. Re7 b5 36. Rxg7 b4 37. Rc7+ Kd5 38. Rxc3 dxc3 39. g4 1-0

[Event "Sherbrooke, Perpetuelles 6-10"]
[Site "Sherbrooke CAN"]
[Date "2003.08.08"]
[Round "4"]
[White "Duclos, Alain"]
[Black "Pilotte, Benoit"]
[Result "1/2-1/2"]
[WhiteElo "1646"]
[BlackElo "1689"]
[PlyCount "49"]
[EventDate "2003.07.18"]
[EventType "swiss"]
[EventRounds "5"]
[EventCountry "CAN"]

1. e4 d6 2. d4 Nf6 3. Nc3 g6 4. Be3 c6 5. Qd2 b5 6. Bd3 Nbd7 7. f3 h5 8. Nh3 b4
9. Ne2 c5 10. Ng5 Bb7 11. c3 a5 12. O-O Bg7 13. h3 O-O 14. Rae1 e5 15. d5 Nh7
16. Nxh7 Kxh7 17. f4 Bh6 18. f5 Bxe3+ 19. Qxe3 g5 20. g4 h4 21. Bb5 f6 22. a4
Qc7 23. Kg2 Ba6 24. Bxa6 Rxa6 25. c4 1/2-1/2

[Event "Sherbrooke, Perpetuelles 6-10"]
[Site "Sherbrooke CAN"]
[Date "2003.08.08"]
[Round "4"]
[White "Grenier, Jean-Pierre"]
[Black "Morin, Louis2"]
[Result "1-0"]
[WhiteElo "1583"]
[BlackElo "1915"]
[PlyCount "63"]
[EventDate "2003.07.18"]
[EventType "swiss"]
[EventRounds "5"]
[EventCountry "CAN"]

1. e4 e5 2. Nf3 Nc6 3. d4 exd4 4. Nxd4 Bc5 5. Be3 b6 6. Nxc6 dxc6 7. Qxd8+ Kxd8
8. Bxc5 bxc5 9. c4 Nf6 10. f3 Rb8 11. b3 Re8 12. Nc3 Ke7 13. O-O-O Kf8 14. Be2
Nh5 15. Rd2 f5 16. Rhd1 Be6 17. Na4 Kf7 18. Nxc5 Nf4 19. Bf1 fxe4 20. g3 e3 21.
Rd4 e2 22. Rxf4+ Kg8 23. Bxe2 Bh3 24. Bd3 g6 25. g4 Re3 26. Be4 Kg7 27. Rd7+
Kh6 28. Kd2 Rxe4 29. Nxe4 a5 30. Rff7 Rh8 31. g5+ Kh5 32. Rxh7+ 1-0

[Event "Sherbrooke, Perpetuelles 6-10"]
[Site "Sherbrooke CAN"]
[Date "2003.08.08"]
[Round "4"]
[White "Lewis, Claude"]
[Black "Jolin, Fernand"]
[Result "1-0"]
[WhiteElo "1458"]
[BlackElo "1380"]
[PlyCount "91"]
[EventDate "2003.07.18"]
[EventType "swiss"]
[EventRounds "5"]
[EventCountry "CAN"]

1. e4 e5 2. Nf3 Nc6 3. d4 exd4 4. Bc4 h6 5. Nxd4 Nxd4 6. Qxd4 d6 7. Be3 Qf6 8.
Nc3 Qxd4 9. Bxd4 c5 10. Be3 Nf6 11. O-O Be7 12. f3 O-O 13. Rad1 a6 14. Rd2 b5
15. Nd5 Nxd5 16. Bxd5 Rb8 17. Rfd1 Rb6 18. Bf4 Rd8 19. e5 Kf8 20. Be4 g5 21.
exd6 Bf6 22. Be3 Rb8 23. Bxc5 Bd7 24. Bd4 Bxd4+ 25. Rxd4 Be6 26. g4 Rb6 27. b3
b4 28. Kf2 a5 29. h3 Rb5 30. R1d2 f5 31. Bd3 Re5 32. Re2 Rxe2+ 33. Kxe2 f4 34.
Bb5 Rb8 35. d7 Rd8 36. Kd3 h5 37. c4 bxc3 38. Kxc3 hxg4 39. hxg4 Ke7 40. a3
Bxd7 41. Rxd7+ Rxd7 42. Bxd7 Kxd7 43. b4 axb4+ 44. Kxb4 Kc6 45. Kc4 Kb7 46. Kd5
1-0

[Event "Sherbrooke, Perpetuelles 6-10"]
[Site "Sherbrooke CAN"]
[Date "2003.08.08"]
[Round "4"]
[White "Morin, Laurent"]
[Black "Viens, Nicolas"]
[Result "1-0"]
[WhiteElo "851"]
[BlackElo "1239"]
[PlyCount "67"]
[EventDate "2003.07.18"]
[EventType "swiss"]
[EventRounds "5"]
[EventCountry "CAN"]

1. e4 e5 2. Nf3 d6 3. h3 Nf6 4. Nc3 c6 5. d4 exd4 6. Qxd4 c5 7. Qd3 Nc6 8. Bf4
Be6 9. O-O-O Nb4 10. Qb5+ Bd7 11. Qe2 Be7 12. a3 Nc6 13. Nb5 O-O 14. Bxd6 Ne8
15. e5 a6 16. Nc3 Nxd6 17. exd6 Bf6 18. Nd5 Nd4 19. Qc4 b6 20. Nc7 Bb5 21. Qd5
Ra7 22. Nxb5 axb5 23. Nxd4 Bxd4 24. Bxb5 Qf6 25. c3 Be5 26. d7 Rd8 27. Rhe1
Bf4+ 28. Kc2 Qg6+ 29. Kb3 c4+ 30. Ka2 h6 31. Re8+ Rxe8 32. dxe8=Q+ Kh7 33. Qdd8
h5 34. Qh8# 1-0

[Event "Sherbrooke, Perpetuelles 6-10"]
[Site "Sherbrooke CAN"]
[Date "2003.08.08"]
[Round "4"]
[White "Ouellet-Lahaie, Didier"]
[Black "Belanger, Jean Sebastien"]
[Result "0-1"]
[WhiteElo "1443"]
[BlackElo "1440"]
[PlyCount "68"]
[EventDate "2003.07.18"]
[EventType "swiss"]
[EventRounds "5"]
[EventCountry "CAN"]

1. e4 e5 2. Nf3 Nf6 3. Nc3 Bb4 4. Bc4 d6 5. d3 Nc6 6. h3 Na5 7. Bb3 Nxb3 8.
axb3 h6 9. Be3 a6 10. O-O Be6 11. Na2 Ba5 12. b4 Bb6 13. Bxb6 cxb6 14. Re1 Qd7
15. Nc3 b5 16. d4 exd4 17. Nxd4 O-O-O 18. f4 Qc7 19. Ndxb5 axb5 20. Ra8+ Kd7
21. Rxd8+ Rxd8 22. f5 Bc4 23. e5 Ne8 24. Nd5 Bxd5 25. Qxd5 Qb6+ 26. Kh1 f6 27.
Qf7+ Kc8 28. e6 Qf2 29. Ra1 Nc7 30. e7 Re8 31. Ra8+ Kd7 32. Rxe8 Nxe8 33. Qe6+
Kc7 34. c4 Qf1+ 0-1

[Event "Sherbrooke, Perpetuelles 6-10"]
[Site "Sherbrooke CAN"]
[Date "2003.08.15"]
[Round "5"]
[White "Belanger, Jean Sebastien"]
[Black "Viens, Nicolas"]
[Result "0-1"]
[WhiteElo "1440"]
[BlackElo "1239"]
[PlyCount "86"]
[EventDate "2003.07.18"]
[EventType "swiss"]
[EventRounds "5"]
[EventCountry "CAN"]

1. e4 c5 2. f4 d6 3. Nf3 Nc6 4. b3 Bg4 5. Bb2 f6 6. Bc4 e5 7. fxe5 dxe5 8. O-O
Qd7 9. Bb5 Bd6 10. Nc3 O-O-O 11. a4 a6 12. Nd5 Qe8 13. Bd3 Nge7 14. Nb6+ Kb8
15. Qe2 Kc7 16. Nd5+ Nxd5 17. exd5 Nd4 18. Bxd4 cxd4 19. c4 f5 20. Qf2 e4 21.
Nxd4 Qe5 22. g3 Rhe8 23. Rfe1 Kc8 24. Ne6 Rxe6 25. Qa7 Rh6 26. Qf2 Bf3 27. c5
Bb8 28. c6 Qxd5 29. cxb7+ Kxb7 30. Bf1 Ba7 31. Re3 Bxe3 32. dxe3 Qd2 33. Ra2
Qxf2+ 34. Rxf2 Rc6 35. h3 Rc1 36. g4 Rdd1 37. gxf5 Be2 38. Rxe2 Rxf1+ 39. Kh2
Rh1+ 40. Kg3 Rcf1 41. Rd2 Rf3+ 42. Kg4 Rg1+ 43. Kh4 g5+ 0-1

[Event "Sherbrooke, Perpetuelles 6-10"]
[Site "Sherbrooke CAN"]
[Date "2003.08.15"]
[Round "5"]
[White "Duclos, Alain"]
[Black "Lewis, Claude"]
[Result "1-0"]
[WhiteElo "1646"]
[BlackElo "1458"]
[PlyCount "65"]
[EventDate "2003.07.18"]
[EventType "swiss"]
[EventRounds "5"]
[EventCountry "CAN"]

1. e4 d6 2. d4 Nf6 3. Nc3 g6 4. Be3 Bg7 5. Qd2 O-O 6. O-O-O Nc6 7. f3 e5 8.
Nge2 Nd7 9. g4 Nb6 10. b3 a6 11. h4 Qf6 12. Bg2 exd4 13. Nxd4 Ne5 14. Bg5 Nxf3
15. Bxf3 Qe5 16. Bh6 Bd7 17. Bxg7 Qxg7 18. h5 a5 19. a4 c5 20. Nde2 d5 21. exd5
c4 22. Qd4 Qxd4 23. Nxd4 cxb3 24. cxb3 Nc8 25. Ndb5 Rb8 26. d6 Nb6 27. Nd5 Nxd5
28. Rxd5 Bc6 29. Rd3 Rfd8 30. hxg6 hxg6 31. Bxc6 bxc6 32. Na3 Rb4 33. Nc4 1-0

[Event "Sherbrooke, Perpetuelles 6-10"]
[Site "Sherbrooke CAN"]
[Date "2003.08.15"]
[Round "5"]
[White "Dumoulin, Sylvain"]
[Black "Courteau, Bernard"]
[Result "1-0"]
[WhiteElo "1686"]
[BlackElo "1715"]
[PlyCount "39"]
[EventDate "2003.07.18"]
[EventType "swiss"]
[EventRounds "5"]
[EventCountry "CAN"]

1. Nc3 c5 2. e4 Nc6 3. g3 d6 4. Bg2 g6 5. d3 Bg7 6. Be3 Nf6 7. h3 O-O 8. Qd2
Rb8 9. Bh6 b5 10. Bxg7 Kxg7 11. f4 e5 12. Nf3 a6 13. O-O Nh5 14. Ne2 Kg8 15. g4
Ng7 16. f5 Qe8 17. f6 Ne6 18. Qh6 Kh8 19. Ng5 Nxg5 20. Qg7# 1-0

[Event "Sherbrooke, Perpetuelles 6-10"]
[Site "Sherbrooke CAN"]
[Date "2003.08.15"]
[Round "5"]
[White "Lemelin, Marc"]
[Black "Boutin, Andre"]
[Result "1-0"]
[WhiteElo "1650"]
[BlackElo "1491"]
[PlyCount "101"]
[EventDate "2003.07.18"]
[EventType "swiss"]
[EventRounds "5"]
[EventCountry "CAN"]

1. d4 Nf6 2. c4 c5 3. d5 b5 4. cxb5 a6 5. f3 axb5 6. e4 d6 7. Bxb5+ Bd7 8. Bc4
g6 9. Ne2 Bg7 10. Nec3 O-O 11. O-O Qb6 12. Qe2 Ne8 13. f4 Nc7 14. b3 Bc8 15.
Bb2 Ba6 16. Nd2 Bxc4 17. Nxc4 Qb7 18. Nd1 Bxb2 19. Qxb2 Nd7 20. Nde3 Nf6 21.
Nxd6 Qb4 22. Ndc4 Nxe4 23. Qe5 Nd6 24. Nxd6 exd6 25. Qxd6 Qd4 26. Qe5 Qxe5 27.
fxe5 Rfe8 28. e6 fxe6 29. d6 Nb5 30. Nc4 Na3 31. Ne5 Red8 32. d7 Nc2 33. Rac1
Ne3 34. Rf2 Nd5 35. Rxc5 Ne7 36. b4 Rab8 37. b5 Ra8 38. b6 Rab8 39. Rb5 Rb7 40.
a4 Ra8 41. a5 Rd8 42. a6 Rbb8 43. b7 g5 44. a7 h6 45. axb8=Q Rxb8 46. d8=Q+
Rxd8 47. b8=Q Rxb8 48. Rxb8+ Nc8 49. Rf7 g4 50. Rc7 g3 51. Rbxc8# 1-0

[Event "Sherbrooke, Perpetuelles 6-10"]
[Site "Sherbrooke CAN"]
[Date "2003.08.15"]
[Round "5"]
[White "Morin, Louis2"]
[Black "Letarte-Lavoie, Francis"]
[Result "0-1"]
[WhiteElo "1915"]
[BlackElo "1201"]
[PlyCount "60"]
[EventDate "2003.07.18"]
[EventType "swiss"]
[EventRounds "5"]
[EventCountry "CAN"]

1. e4 c5 2. Nf3 d6 3. Bb5+ Bd7 4. Bxd7+ Nxd7 5. O-O g6 6. d4 cxd4 7. Nxd4 Ngf6
8. Nc3 Bg7 9. Nf3 O-O 10. Qe2 Rc8 11. Be3 Ng4 12. Bd4 Nge5 13. Nd2 a6 14. f4
Nc6 15. Bxg7 Kxg7 16. f5 Qb6+ 17. Kh1 Qxb2 18. Rab1 Qxc3 19. Rb3 Nd4 20. Rxc3
Nxe2 21. Re3 Nd4 22. c3 Nc2 23. Rg3 Ne5 24. h4 h5 25. Nb3 Ng4 26. Nd4 Nxd4 27.
cxd4 Rc2 28. a4 Rfc8 29. Rgf3 Rc1 30. f6+ exf6 0-1

[Event "Sherbrooke, Perpetuelles 6-10"]
[Site "Sherbrooke CAN"]
[Date "2003.08.15"]
[Round "5"]
[White "Ouellet-Lahaie, Didier"]
[Black "Grenier, Jean-Pierre"]
[Result "1-0"]
[WhiteElo "1443"]
[BlackElo "1583"]
[PlyCount "143"]
[EventDate "2003.07.18"]
[EventType "swiss"]
[EventRounds "5"]
[EventCountry "CAN"]

1. e4 c5 2. c3 Nc6 3. d4 cxd4 4. cxd4 e6 5. Nf3 Bb4+ 6. Nc3 Nf6 7. Bd3 d5 8. e5
Nd7 9. O-O a6 10. Be3 b5 11. Ng5 g6 12. f4 Qb6 13. Nf3 Bb7 14. Qe2 Be7 15. g4
Nb4 16. Bb1 Nc6 17. Qd2 a5 18. Bd3 Ba6 19. Rac1 Nb4 20. Be2 O-O 21. f5 Rfc8 22.
f6 Bf8 23. Bh6 Qd8 24. a3 Nc6 25. Bxb5 Nb6 26. Bxf8 Qxf8 27. Qf4 h6 28. Bxa6
Rxa6 29. Nb5 Nc4 30. Rf2 Rb8 31. a4 Nb4 32. Rd1 Kh7 33. h4 Rab6 34. Rh2 Rxb5
35. axb5 Rxb5 36. h5 g5 37. Qc1 a4 38. b3 axb3 39. Qb1+ Kh8 40. Qxb3 Qb8 41.
Rb1 Na5 42. Qa4 Nac6 43. Rhb2 Qb6 44. Rxb4 Rxb4 45. Rxb4 Qxb4 46. Qxc6 Qb8 47.
Qd7 Kg8 48. Kf2 Qb2+ 49. Ke1 Qc3+ 50. Ke2 Qb2+ 51. Nd2 Qb8 52. Nb3 Qa8 53. Kd2
Qb8 54. Kc3 Qa8 55. Kb4 Qb8+ 56. Kc5 Qf8+ 57. Kb6 Qb8+ 58. Qb7 Qd8+ 59. Ka7 Kf8
60. Qb8 Ke8 61. Nc5 Qxb8+ 62. Kxb8 Kd8 63. Kb7 Ke8 64. Kc7 Kf8 65. Kd7 Kg8 66.
Nxe6 Kh7 67. Nxg5+ hxg5 68. Kd6 Kg8 69. Kxd5 Kf8 70. Kc6 Ke8 71. d5 Kd8 72. h6
1-0

[Event "Sherbrooke, Perpetuelles 6-10"]
[Site "Sherbrooke CAN"]
[Date "2003.08.15"]
[Round "5"]
[White "Pilotte, Benoit"]
[Black "Saziouk, Alexandre"]
[Result "0-1"]
[WhiteElo "1689"]
[BlackElo "1756"]
[PlyCount "150"]
[EventDate "2003.07.18"]
[EventType "swiss"]
[EventRounds "5"]
[EventCountry "CAN"]

1. g3 Nf6 2. Bg2 c5 3. e4 Nc6 4. Nc3 d6 5. Nge2 g6 6. d3 Bg4 7. f3 Bd7 8. Be3
Bg7 9. Qd2 h5 10. h3 a6 11. a4 Qc7 12. f4 e5 13. fxe5 Nxe5 14. O-O Be6 15. Nf4
O-O-O 16. Nxe6 fxe6 17. a5 Rdf8 18. b4 h4 19. bxc5 dxc5 20. Na4 Ned7 21. Rab1
Qxg3 22. Bf4 Nxe4 23. dxe4 Bd4+ 24. Kh1 Qa3 25. Nb6+ Nxb6 26. Rxb6 e5 27. Rb3
Qa4 28. Bg5 Rxf1+ 29. Bxf1 Rf8 30. Qd1 Qxa5 31. Bc4 b5 32. Be6+ Kc7 33. c3 c4
34. Rb4 Bc5 35. Qd7+ Kb8 36. Rb1 Qb6 37. Be7 Bxe7 38. Qxe7 Rd8 39. Bd5 Qc7 40.
Qxh4 Rf8 41. Rg1 Qa7 42. Rxg6 Qe3 43. Qg3 Rf1+ 44. Kh2 Qe2+ 45. Qg2 Rf2 46.
Rg8+ Ka7 47. Rg7+ Kb6 48. Rb7+ Ka5 49. Rg7 Rxg2+ 50. Rxg2 Qf3 51. Ra2+ Kb6 52.
h4 Qxc3 53. Rg2 Ka5 54. Rg5 Qd2+ 55. Kh3 Qf4 56. Rf5 Qh6 57. Kg4 c3 58. Rf3 c2
59. Ra3+ Kb4 60. Rb3+ Ka5 61. Ra3+ Kb6 62. Ra1 c1=Q 63. Rxc1 Qxc1 64. h5 Qh6
65. Kf5 Qf4+ 66. Ke6 b4 67. h6 Qxh6+ 68. Kxe5 Qh5+ 69. Kd4 a5 70. e5 Qd1+ 71.
Kc4 Qc2+ 72. Kd4 Qc3+ 73. Ke4 b3 74. e6 b2 75. Kf4 b1=Q 0-1

[Event "Shock and Awe active"]
[Site "Vancouver CAN"]
[Date "2003.06.14"]
[Round "1"]
[White "Feng, Jason"]
[Black "Beqo, Besnik"]
[Result "0-1"]
[WhiteElo "1710"]
[BlackElo "2315"]
[PlyCount "70"]
[EventDate "2003.06.14"]
[EventType "tourn (rapid)"]
[EventRounds "5"]
[EventCountry "CAN"]

1. e4 c5 2. Nf3 Nc6 3. Bb5 Na5 4. c3 a6 5. Ba4 b5 6. Bc2 e6 7. d4 d5 8. dxc5
Bb7 9. exd5 Bxd5 10. Nbd2 Nf6 11. b4 Nc6 12. Bb3 Be7 13. O-O O-O 14. c4 bxc4
15. Bxc4 Nxb4 16. Bxd5 Qxd5 17. Nb3 Nd3 18. Ne1 Nxc5 19. Qxd5 Nxd5 20. Ba3 Nxb3
21. axb3 Rfb8 22. Bxe7 Nxe7 23. Ra3 Rb6 24. Nd3 Nd5 25. h3 a5 26. Rc1 Rb5 27.
b4 f6 28. bxa5 Rbxa5 29. Rxa5 Rxa5 30. Nc5 Kf7 31. Nb7 Ra2 32. Nd6+ Kg6 33. Ne4
Nf4 34. Rc4 e5 35. Rc1 Ne2+ 0-1

[Event "Shock and Awe active"]
[Site "Vancouver CAN"]
[Date "2003.06.14"]
[Round "1"]
[White "Seid, Hee"]
[Black "Alipour, Iraj"]
[Result "1-0"]
[WhiteElo "2036"]
[BlackElo "1446"]
[PlyCount "34"]
[EventDate "2003.06.14"]
[EventType "tourn (rapid)"]
[EventRounds "5"]
[EventCountry "CAN"]

1. g3 g6 2. Bg2 Bg7 3. Nf3 b6 4. e4 Bb7 5. d3 h6 6. O-O e6 7. Nc3 Ne7 8. Re1
O-O 9. Bd2 Kh7 10. Rb1 d6 11. a3 Nd7 12. b4 a6 13. Ne2 Rb8 14. c4 Nf6 15. Qc2
Neg8 16. Ned4 e5 17. Nb3 Bc8 1-0

[Event "Shock and Awe active"]
[Site "Vancouver CAN"]
[Date "2003.06.14"]
[Round "2"]
[White "Beqo, Besnik"]
[Black "Sladek, Vaclav"]
[Result "1-0"]
[WhiteElo "2315"]
[BlackElo "1907"]
[PlyCount "51"]
[EventDate "2003.06.14"]
[EventType "tourn (rapid)"]
[EventRounds "5"]
[EventCountry "CAN"]

1. e4 c5 2. Nf3 e6 3. d4 cxd4 4. Nxd4 Qb6 5. Be3 Qxb2 6. Nd2 a6 7. Bd3 Nc6 8.
Nxc6 bxc6 9. O-O a5 10. Nc4 Qc3 11. Bd2 Qd4 12. Bxa5 Nf6 13. c3 Qa7 14. Bb6 Qa4
15. Be3 Qxd1 16. Rfxd1 Be7 17. a4 O-O 18. a5 d5 19. Ne5 c5 20. Nc6 Bd8 21. Bxc5
Re8 22. e5 Nd7 23. Bd6 Bb7 24. Nxd8 Rexd8 25. a6 Bc6 26. a7 1-0

[Event "Shock and Awe active"]
[Site "Vancouver CAN"]
[Date "2003.06.14"]
[Round "2"]
[White "Feng, Jason"]
[Black "Seid, Hee"]
[Result "1/2-1/2"]
[WhiteElo "1710"]
[BlackElo "2036"]
[PlyCount "137"]
[EventDate "2003.06.14"]
[EventType "tourn (rapid)"]
[EventRounds "5"]
[EventCountry "CAN"]

1. d4 d6 2. c3 g6 3. e4 Bg7 4. Nf3 Nf6 5. e5 dxe5 6. Nxe5 O-O 7. Nd2 c5 8. Ndf3
cxd4 9. Qxd4 Qxd4 10. Nxd4 a6 11. Nc4 Nd5 12. Ne3 Rd8 13. Nxd5 Rxd5 14. Be3 e5
15. Nb3 Nc6 16. Bc4 Rd8 17. Bb6 Re8 18. O-O-O Be6 19. Bxe6 Rxe6 20. Rd7 Rc8 21.
Nc5 Nb8 22. Rxb7 Rec6 23. Rd1 Bf8 24. Na4 Rc4 25. b3 Rg4 26. g3 Nc6 27. Be3 Na5
28. Rbd7 Ba3+ 29. Kb1 Kg7 30. R7d5 Rxa4 31. bxa4 Rb8+ 32. Kc2 Nc4 33. Rb1 Bb2
34. Kd3 Na3 35. Rd1 Kf6 36. f4 exf4 37. Bxf4 Rc8 38. Rd6+ Kf5 39. Ke2 Kg4 40.
Rh1 Kh3 41. g4 Rxc3 42. Rd3+ Kxg4 43. Rxc3 Bxc3 44. Bg3 f5 45. Rf1 Bf6 46. Rf4+
Kh5 47. Rb4 Nc2 48. Rb6 Bg5 49. Rxa6 f4 50. Bf2 Nb4 51. Rb6 Nd5 52. Rd6 Nc3+
53. Kd3 Nxa4 54. Rd5 Kg4 55. Ra5 Nb2+ 56. Kc2 Nc4 57. Rc5 Nd6 58. a4 Ne4 59. a5
Nxf2 60. a6 Be7 61. Rc7 Bd6 62. Rd7 Bc5 63. Rc7 Be3 64. Rxh7 g5 65. Re7 Bc5 66.
Rc7 Bb6 67. Rb7 Be3 68. Re7 Bd4 69. Rd7 1/2-1/2

[Event "Shock and Awe active"]
[Site "Vancouver CAN"]
[Date "2003.06.14"]
[Round "3"]
[White "Seid, Hee"]
[Black "Beqo, Besnik"]
[Result "1-0"]
[WhiteElo "2036"]
[BlackElo "2315"]
[PlyCount "111"]
[EventDate "2003.06.14"]
[EventType "tourn (rapid)"]
[EventRounds "5"]
[EventCountry "CAN"]

1. Nf3 d5 2. d4 c6 3. e3 Nf6 4. Bd3 Bg4 5. h3 Bh5 6. Nbd2 Nbd7 7. O-O e6 8. Re1
Be7 9. c4 O-O 10. Qb3 Qc7 11. g4 Bg6 12. Bxg6 hxg6 13. e4 dxe4 14. Nxe4 Nxe4
15. Rxe4 Nf6 16. Re2 Rfd8 17. Bg5 Rac8 18. Rae1 Re8 19. Ne5 Nd7 20. Bxe7 Rxe7
21. Nf3 Qb6 22. Qe3 Qa6 23. b3 Qa5 24. Qf4 Qc7 25. Qg5 Nf8 26. Re4 Rd7 27. Qh4
Qd8 28. g5 c5 29. Rd1 cxd4 30. Rexd4 Rxd4 31. Qxd4 Qxd4 32. Rxd4 f6 33. h4 Kf7
34. Nh2 e5 35. Rd5 Ke7 36. Ng4 Ne6 37. Ne3 Nf4 38. Rb5 b6 39. Kh2 Ne2 40. Nd5+
Ke6 41. Kh3 Nd4 42. Rb4 Nf5 43. Ra4 Rh8 44. gxf6 Rxh4+ 45. Kg2 gxf6 46. Rxa7
Rg4+ 47. Kf1 e4 48. Rb7 Nd6 49. Rxb6 f5 50. Ne3 Ke5 51. Nxg4+ fxg4 52. c5 Nf5
53. Rxg6 e3 54. Rxg4 exf2 55. Kxf2 Kd5 56. Rg5 1-0

[Event "Shock and Awe active"]
[Site "Vancouver CAN"]
[Date "2003.06.14"]
[Round "3"]
[White "Sladek, Vaclav"]
[Black "Alipour, Iraj"]
[Result "1-0"]
[WhiteElo "1907"]
[BlackElo "1446"]
[PlyCount "59"]
[EventDate "2003.06.14"]
[EventType "tourn (rapid)"]
[EventRounds "5"]
[EventCountry "CAN"]

1. d4 b6 2. c4 Bb7 3. Nc3 g6 4. Nf3 Bg7 5. e4 h6 6. Be3 e6 7. Be2 Ne7 8. O-O
O-O 9. Qd2 Kh7 10. Rad1 d6 11. Rfe1 Nd7 12. b4 Nf6 13. Qc2 Nc6 14. b5 Na5 15.
c5 Qe7 16. c6 Bc8 17. e5 Ng4 18. Bf4 dxe5 19. Nxe5 Nxe5 20. Bxe5 Bxe5 21. dxe5
Qh4 22. Ne4 a6 23. a4 axb5 24. axb5 Qf4 25. Nf6+ Kh8 26. Bd3 Qb4 27. Bxg6 fxg6
28. Qxg6 Rxf6 29. Qxf6+ Kh7 30. Qf7+ 1-0

[Event "Shock and Awe active"]
[Site "Vancouver CAN"]
[Date "2003.06.14"]
[Round "4"]
[White "Beqo, Besnik"]
[Black "Alipour, Iraj"]
[Result "1-0"]
[WhiteElo "2315"]
[BlackElo "1446"]
[PlyCount "75"]
[EventDate "2003.06.14"]
[EventType "tourn (rapid)"]
[EventRounds "5"]
[EventCountry "CAN"]

1. e4 b6 2. Nf3 Bb7 3. Bc4 g6 4. O-O Bg7 5. d3 h6 6. c3 e6 7. Re1 Ne7 8. Nbd2
d5 9. exd5 Bxd5 10. Bxd5 Nxd5 11. d4 O-O 12. Ne5 Nd7 13. Ndf3 Nxe5 14. Nxe5
Bxe5 15. Rxe5 Kh7 16. Qf3 Qf6 17. Qh3 Qg7 18. Bd2 c5 19. Re4 cxd4 20. Bxh6 Qxh6
21. Rh4 Qxh4 22. Qxh4+ Kg8 23. Qxd4 Rad8 24. h4 Ne7 25. Qf6 Rfe8 26. h5 gxh5
27. Re1 Rd5 28. Re3 Rf5 29. Qh6 Ng6 30. Rg3 Rd8 31. Rg5 Rxg5 32. Qxg5 Rd5 33.
Qf6 b5 34. b3 Nf8 35. c4 bxc4 36. bxc4 Rd1+ 37. Kh2 Rc1 38. Qg5+ 1-0

[Event "Shock and Awe active"]
[Site "Vancouver CAN"]
[Date "2003.06.14"]
[Round "4"]
[White "Feng, Jason"]
[Black "Sladek, Vaclav"]
[Result "0-1"]
[WhiteElo "1710"]
[BlackElo "1907"]
[PlyCount "59"]
[EventDate "2003.06.14"]
[EventType "tourn (rapid)"]
[EventRounds "5"]
[EventCountry "CAN"]

1. e4 c5 2. Nf3 e6 3. Nc3 Nc6 4. Bb5 Qc7 5. O-O Nge7 6. Re1 a6 7. Bxc6 Nxc6 8.
d3 Be7 9. Be3 b5 10. Ne2 O-O 11. d4 cxd4 12. Nexd4 Bb7 13. Nxc6 Bxc6 14. Nd2 d5
15. exd5 Bxd5 16. c3 Rfd8 17. Bd4 f6 18. Qg4 e5 19. Be3 Qc6 20. f3 Be6 21. Qe4
Bd5 22. Qf5 Bf7 23. Qc2 Bc5 24. Ne4 Bxe3+ 25. Rxe3 Bg6 26. Rd1 Qb6 27. Kf2 f5
28. Ke2 fxe4 29. fxe4 Rxd1 30. Qxd1 0-1

[Event "Shock and Awe active"]
[Site "Vancouver CAN"]
[Date "2003.06.14"]
[Round "5"]
[White "Sladek, Vaclav"]
[Black "Seid, Hee"]
[Result "1/2-1/2"]
[WhiteElo "1907"]
[BlackElo "2036"]
[PlyCount "59"]
[EventDate "2003.06.14"]
[EventType "tourn (rapid)"]
[EventRounds "5"]
[EventCountry "CAN"]

1. d4 f5 2. Bg5 h6 3. Bh4 g5 4. Bg3 Bg7 5. e3 d6 6. Qh5+ Kf8 7. Qd1 Nf6 8. h4
Ne4 9. Ne2 Nc6 10. hxg5 hxg5 11. Rxh8+ Bxh8 12. Nbc3 Nxg3 13. Nxg3 e6 14. Qh5
Qf6 15. O-O-O a6 16. Be2 Bd7 17. Qh7 Qg7 18. Rh1 Ke7 19. Qxg7+ Bxg7 20. Rh7 Rg8
21. Nh5 Kf7 22. Kd2 Ne7 23. Nxg7 Rxg7 24. Rxg7+ Kxg7 25. e4 Nc6 26. exf5 exf5
27. Kd3 Nb4+ 28. Kd2 Nc6 29. Kd3 Nb4+ 30. Kd2 1/2-1/2

[Event "Solstice Saturday Chess Fever"]
[Site "Vancouver CAN"]
[Date "2003.06.28"]
[Round "1"]
[White "Kostin, Andrey"]
[Black "Carlisle, Michael"]
[Result "0-1"]
[WhiteElo "1695"]
[BlackElo "2058"]
[PlyCount "56"]
[EventDate "2003.06.28"]
[EventType "swiss"]
[EventRounds "5"]
[EventCountry "CAN"]

1. e4 c5 2. c3 b6 3. d4 Bb7 4. e5 d6 5. Nf3 Nd7 6. e6 fxe6 7. Ng5 Ngf6 8. Nxe6
Qc8 9. Na3 a6 10. Be2 Bxg2 11. Rg1 Qb7 12. f3 Bh3 13. Nxg7+ Bxg7 14. Rxg7 O-O-O
15. Qa4 Nb8 16. Bg5 Rhg8 17. Bxf6 Rxg7 18. Bxg7 Rg8 19. dxc5 bxc5 20. Qh4 Bf5
21. Qg5 e6 22. Nc4 Qc7 23. O-O-O d5 24. Rxd5 Rxg7 25. Qxf5 exf5 26. Nd6+ Kd8
27. Nb5+ Qd7 28. Rxd7+ Kxd7 0-1

[Event "Solstice Saturday Chess Fever"]
[Site "Vancouver CAN"]
[Date "2003.06.29"]
[Round "5"]
[White "Kostin, Andrey"]
[Black "Azmitia, Eduardo"]
[Result "1/2-1/2"]
[WhiteElo "1695"]
[BlackElo "1800"]
[PlyCount "106"]
[EventDate "2003.06.28"]
[EventType "swiss"]
[EventRounds "5"]
[EventCountry "CAN"]

1. e4 c6 2. d4 d5 3. exd5 cxd5 4. c4 Nf6 5. Nc3 Nc6 6. Nf3 Bg4 7. cxd5 Nxd5 8.
Qb3 Bxf3 9. gxf3 e6 10. Qxb7 Nxd4 11. Bb5+ Nxb5 12. Qc6+ Ke7 13. Qxb5 Qd7 14.
Qxd7+ Kxd7 15. Nxd5 exd5 16. Be3 Bb4+ 17. Ke2 Rhd8 18. Rhd1 Ke6 19. Rd3 a6 20.
Bd4 f6 21. Bc3 Bxc3 22. Rxc3 Rac8 23. Rac1 Rxc3 24. Rxc3 Kd6 25. Ra3 Ra8 26. f4
g5 27. fxg5 fxg5 28. Rh3 Rb8 29. b3 Re8+ 30. Kd3 Re6 31. Rxh7 Rf6 32. Ke3 Ke5
33. Re7+ Kd6 34. Rg7 d4+ 35. Kxd4 Rxf2 36. Rg6+ Kc7 37. Rxa6 Rxh2 38. Ke5 Kb7
39. Ra4 Rg2 40. Kf5 Kb6 41. a3 Rg3 42. b4 Kb7 43. Ra5 Kb6 44. a4 Kb7 45. b5 Kb6
46. Ra6+ Kc7 47. a5 Kb7 48. Rg6 Ra3 49. Rg7+ Kc8 50. a6 Kb8 51. Kxg5 Ka8 52.
Kf6 Rh3 53. Ke6 Rh5 1/2-1/2

[Event "Southern Alberta op"]
[Site "Calgary CAN"]
[Date "2003.11.15"]
[Round "1"]
[White "Gardner, Robert"]
[Black "Beingessner, Andrew"]
[Result "1-0"]
[WhiteElo "2257"]
[BlackElo "1659"]
[PlyCount "105"]
[EventDate "2003.11.15"]
[EventType "swiss"]
[EventRounds "5"]
[EventCountry "CAN"]
[SourceDate "2003.08.17"]

1. d4 Nf6 2. c4 g6 3. Nc3 Bg7 4. e4 d6 5. Nf3 O-O 6. Be2 e5 7. d5 Nbd7 8. h4
Nc5 9. Nd2 Ne8 10. g4 a5 11. g5 f5 12. gxf6 Qxf6 13. f3 Bg4 14. Kf2 Bh6 15. Nf1
Bf4 16. Kg2 Bh5 17. Bxf4 exf4 18. Qd2 Rf7 19. Rh3 Rg7 20. Nh2 g5 21. Kh1 gxh4
22. Ng4 Qg5 23. Rg1 Nf6 24. Nxf6+ Qxf6 25. Rxg7+ Kxg7 26. Qe1 Rf8 27. Qxh4 Qxh4
28. Rxh4 Bg6 29. Nb5 Rf7 30. Nd4 Rf6 31. b3 Kf7 32. a3 Nd7 33. Ne6 Ne5 34. Nxc7
Bxe4 35. fxe4 f3 36. Bf1 f2 37. Ne6 Nf3 38. Rf4 Rxf4 39. Nxf4 Nd2 40. Kg2 Nxe4
41. Nh3 Nd2 42. b4 Nxf1 43. Kxf1 axb4 44. axb4 b6 45. Kxf2 Kf6 46. Ke3 Ke5 47.
Ng5 h5 48. Nf7+ Kf5 49. Nxd6+ Ke5 50. Ne4 b5 51. d6 Ke6 52. c5 Kd7 53. Nf6+ 1-0